[Event "N4 Condom2-Loures Barousse"]
[Site "Condom"]
[Date "2006.05.02"]
[Round "5"]
[White "Giuriati, Paolo"]
[Black "Beaurain, Louis"]
[Result "1-0"]
[WhiteElo "2217"]
[BlackElo "2000"]
[EventDate "2006.??.??"]
[PlyCount "99"]

1.d4 d5 2.Bf4 Bf5 3.e3 Nd7 4.Nd2 Ngf6 5.c4 e6 6.Qb3 Qc8 7.Ngf3 c6 8.Be2 
Be7 9.Ne5 h6 10.O-O O-O 11.Rac1 a5 12.Nxd7 Nxd7 13.Bf3 Qd8 14.cxd5 exd5 
15.Qxb7 Bb4 16.Rfd1 g5 17.Bc7 Qe7 18.Qxc6 Rac8 19.Qxd5 Be6 20.Qb7 g4 21.
Bc6 Nc5 22.dxc5 Rxc7 23.Qb6 Rd8 24.Ne4 Rdc8 25.Bd5 Bxc5 26.Rxc5 Rxc5 27.
Nxc5 Rxc5 28.Bxe6 fxe6 29.Qd8+ Kf7 30.g3 Qxd8 31.Rxd8 Kf6 32.Kg2 Rb5 33.b3
Rc5 34.Rd4 h5 35.Ra4 Rb5 36.h3 Kg5 37.hxg4 hxg4 38.Kf1 Kf5 39.Ke2 Rc5 40.
Kd3 e5 41.e4+ Ke6 42.Rc4 Rb5 43.Rc6+ Kf7 44.Kc3 Rb4 45.Rc4 Rb6 46.Rc5 Rf6 
47.Rxe5 Rxf2 48.Rf5+ Rxf5 49.exf5 Kf6 50.Kd4 1-0

[Event "N4 Condom2-Loures Barousse"]
[Site "Condom"]
[Date "2006.05.02"]
[Round "5"]
[White "Cordier, Michel"]
[Black "Jacob, Claude"]
[Result "1/2-1/2"]
[WhiteElo "1580"]
[BlackElo "1660"]
[EventDate "2006.??.??"]
[PlyCount "96"]

1.Nf3 Nc6 2.d4 d5 3.c4 Nf6 4.Nc3 e6 5.Bg5 Be7 6.e3 O-O 7.Be2 h6 8.Bxf6 
Bxf6 9.cxd5 exd5 10.O-O Re8 11.a3 Ne7 12.Bd3 Bg4 13.h3 Bh5 14.b4 c6 15.Nb1
Nc8 16.Nbd2 Nd6 17.Qb3 Bxf3 18.Nxf3 a6 19.Rac1 Qd7 20.Rfd1 Rac8 21.Rc2 Rc7
22.a4 b5 23.a5 Nc8 24.Rdc1 Ne7 25.Rd1 Kh8 26.Kh1 g5 27.g4 Kg7 28.Kg2 Rh8 
29.Nh2 h5 30.Be2 h4 31.f4 Qd6 32.Rf1 Ng6 33.f5 Ne7 34.Bd1 Re8 35.Rf3 Ng8 
36.Nf1 Be7 37.Rb2 Nf6 38.Bc2 Bf8 39.Bb1 Qe7 40.Bc2 Kg8 41.Bb1 Rd8 42.Bc2 
Ne8 43.Bd3 f6 44.Bb1 Qf7 45.Qc3 Nd6 46.Bd3 Be7 47.Qd2 Qf8 48.Qc3 Qf7 
1/2-1/2

[Event "N4 Condom2-Loures Barousse"]
[Site "Condom"]
[Date "2006.05.02"]
[Round "5"]
[White "Calatrava, Julien"]
[Black "Osete, José"]
[Result "0-1"]
[WhiteElo "1910"]
[BlackElo "2037"]
[EventDate "2006.??.??"]
[PlyCount "54"]

1.e4 c5 2.Nf3 Nc6 3.d4 cxd4 4.Nxd4 e5 5.Nxc6 bxc6 6.Bc4 Nf6 7.O-O Bc5 8.
Bg5 h6 9.Bh4 d6 10.Nc3 g5 11.Bg3 a5 12.h3 h5 13.Qd3 h4 14.Bh2 g4 15.Kh1 
Qe7 16.Rad1 Rh6 17.Na4 Nd7 18.hxg4 h3 19.gxh3 Qh4 20.Kg2 Nf6 21.Nxc5 Bxg4 
22.Kh1 Bxd1 23.Rxd1 Ng4 24.Bxf7+ Ke7 25.Rf1 Nxf2+ 26.Rxf2 Qxf2 27.Qb3 Qf1+
0-1

[Event "N4 Condom2-Loures Barousse"]
[Site "Condom"]
[Date "2006.05.02"]
[Round "5"]
[White "Berthelot, Nathan"]
[Black "Condeminas, Christian"]
[Result "1/2-1/2"]
[WhiteElo "1760"]
[BlackElo "1740"]
[EventDate "2006.??.??"]
[PlyCount "72"]

1.e4 e6 2.d4 d5 3.exd5 exd5 4.Bf4 Nf6 5.Bd3 Bg4 6.Nf3 Bd6 7.Bxd6 Qxd6 8.
O-O O-O 9.Re1 Nbd7 10.Nbd2 Rfe8 11.c3 Rxe1+ 12.Qxe1 Re8 13.Qb1 Qf4 14.Qc2 
Re6 15.Re1 Rxe1+ 16.Nxe1 c6 17.Nef3 h6 18.Qb1 Kf8 19.Qe1 Bxf3 20.Nxf3 Ne4 
21.h3 f5 22.Qe2 Kf7 23.g3 Qd6 24.Ne5+ Nxe5 25.dxe5 Qxe5 26.Qh5+ Ke7 27.Kg2
Qf6 28.Qe2 Kf7 29.f4 g6 30.Kf3 h5 31.Qe3 a6 32.Qb6 Qe7 33.Qd4 Nd6 34.Kf2 
Ne4+ 35.Kf3 Nd6 36.Kf2 Ne4+ 1/2-1/2

[Event "N4 Condom2-Loures Barousse"]
[Site "Condom"]
[Date "2006.05.02"]
[Round "5"]
[White "Baumann, Benjamin"]
[Black "Szitas, Gabor"]
[Result "1/2-1/2"]
[WhiteElo "2007"]
[BlackElo "2211"]
[EventDate "2006.??.??"]
[PlyCount "62"]

1.d4 d5 2.Bg5 c6 3.c3 Bf5 4.e3 Nd7 5.Nd2 Ngf6 6.Be2 e5 7.Ngf3 Bd6 8.dxe5 
Nxe5 9.Nxe5 Bxe5 10.Nf3 Bd6 11.O-O h6 12.Bh4 g5 13.Bg3 Bxg3 14.hxg3 Qe7 
15.Qb3 Bg4 16.Rfe1 O-O-O 17.Rad1 h5 18.Nxg5 Bxe2 19.Rxe2 h4 20.Qb4 c5 21.
Qa4 hxg3 22.Qxa7 Rh5 23.f4 Rdh8 24.Nh3 Ne4 25.c4 Nf2 26.Rxd5 Nxh3+ 27.gxh3
Rxd5 28.cxd5 Rxh3 29.Qa8+ Kc7 30.Qa5+ Kb8 31.Qb6 Rh2 1/2-1/2

[Event "N4 Castres-Tournefeuille2"]
[Site "Tournefeuille"]
[Date "2006.05.02"]
[Round "5"]
[White "Rosière, Guy"]
[Black "Tarayre, Pascal"]
[Result "0-1"]
[WhiteElo "1480"]
[BlackElo "1805"]
[EventDate "2006.??.??"]
[PlyCount "86"]

1.e4 c5 2.Nf3 d6 3.d4 cxd4 4.Nxd4 Nf6 5.Nc3 g6 6.Bd3 Bg7 7.f3 O-O 8.Be3 
Nc6 9.a3 Bd7 10.Rb1 Qa5 11.Nxc6 Bxc6 12.Bd2 Qb6 13.Qe2 Rfc8 14.Be3 Qa5 15.
Bd2 Qh5 16.Qf2 d5 17.Be2 dxe4 18.fxe4 Qe5 19.Bf4 Qa5 20.Bd2 Qd8 21.Bd3 Nd7
22.O-O Ne5 23.Qe2 Bd7 24.h3 Be6 25.Bf4 Nc6 26.Rbd1 Nd4 27.Qf2 Qa5 28.e5 
Nc6 29.Ne4 Nxe5 30.Ng5 Nxd3 31.Rxd3 Bc4 32.Rd7 Bxf1 33.Nxf7 Bc4 34.Ng5 e5 
35.Bd2 Qb6 36.Be3 Qxb2 37.Ne4 Rf8 38.Qd2 Qb1+ 39.Kh2 Qf1 40.Bh6 Bxh6 41.
Qxh6 Qf4+ 42.Qxf4 Rxf4 43.Ng5 e4 0-1

[Event "N4 Castres-Tournefeuille2"]
[Site "Tournefeuille"]
[Date "2006.05.02"]
[Round "5"]
[White "Martinez, Loic"]
[Black "Casella, Laurent"]
[Result "1/2-1/2"]
[WhiteElo "1870"]
[BlackElo "2028"]
[EventDate "2006.??.??"]
[PlyCount "96"]

1.e4 c5 2.Nf3 d6 3.d4 cxd4 4.Nxd4 Nf6 5.Nc3 g6 6.Be3 Bg7 7.f3 O-O 8.Qd2 
Nc6 9.O-O-O d5 10.exd5 Nxd5 11.Nxc6 bxc6 12.Nxd5 cxd5 13.Qxd5 Qc7 14.Qc5 
Qb7 15.b3 Bf5 16.Bd3 Rfc8 17.Qa3 Qc7 18.Bxf5 gxf5 19.c4 Qe5 20.Bd2 Rab8 
21.g3 Qd4 22.Kc2 Rb7 23.Rhe1 Rd7 24.Re3 e5 25.Qc1 Rcd8 26.Ree1 Qd3+ 27.Kb2
e4+ 28.Ka3 Qd6+ 29.b4 Qa6+ 30.Kb3 Rd3+ 31.Bc3 Qf6 32.Rxd3 Rxd3 33.Re3 Qd6 
34.fxe4 fxe4 35.Rxd3 Qxd3 36.Qd2 Qb1+ 37.Ka3 Bxc3 38.Qxc3 Qf1 39.Kb2 f5 
40.c5 Qf2+ 41.Kc1 e3 42.Qc4+ Kf8 43.Qd4 Qf1+ 44.Kc2 e2 45.Qh8+ Kf7 46.
Qxh7+ Kf6 47.Qh6+ Kf7 48.Qh7+ Kf6 1/2-1/2

[Event "N4 Castres-Tournefeuille2"]
[Site "Tournefeuille"]
[Date "2006.05.02"]
[Round "5"]
[White "Jacquart, Christian"]
[Black "Stas, Jean"]
[Result "1-0"]
[WhiteElo "1840"]
[BlackElo "1550"]
[EventDate "2006.??.??"]
[PlyCount "103"]

1.d4 f5 2.Nf3 e6 3.Bg5 Nf6 4.e3 Be7 5.Nbd2 O-O 6.Bd3 b6 7.c3 Bb7 8.Qc2 Qe8
9.e4 fxe4 10.Nxe4 h6 11.Bh4 Nd5 12.Bxe7 Qxe7 13.Ne5 Qh4 14.Ng6 Qg4 15.Nxf8
Qxg2 16.O-O-O Kxf8 17.f3 Qxc2+ 18.Bxc2 Ne3 19.Rd2 Bd5 20.Bb3 a5 21.Bxd5 
exd5 22.Re2 Nf5 23.Ng3 Nxg3 24.hxg3 Nc6 25.Rhe1 b5 26.Kd2 b4 27.Kd3 a4 28.
c4 dxc4+ 29.Kxc4 b3 30.a3 Na5+ 31.Kd5 Nc6 32.Kc5 Ra5+ 33.Kc4 d5+ 34.Kd3 
Ra8 35.Rc1 Ra6 36.Rc5 h5 37.Rxd5 Ra5 38.Rxa5 Nxa5 39.Re5 Nc6 40.Rxh5 Ke7 
41.Kc4 Ke8 42.Rg5 Kf7 43.Rc5 Nd8 44.Rxc7+ Kf6 45.Kd5 g6 46.Rd7 Nf7 47.
Rxf7+ Kxf7 48.Kd6 Kf6 49.d5 Kf5 50.Kc5 g5 51.d6 Ke6 52.Kc6 1-0

[Event "N4 Castres-Tournefeuille2"]
[Site "Tournefeuille"]
[Date "2006.05.02"]
[Round "5"]
[White "Guesdon, Joël"]
[Black "Fournier, Marcellin"]
[Result "1-0"]
[WhiteElo "1670"]
[BlackElo "1400"]
[EventDate "2006.??.??"]
[PlyCount "77"]

1.c4 d6 2.d4 Nf6 3.Nc3 g6 4.e4 Bg7 5.Nf3 Bg4 6.Be2 O-O 7.O-O c6 8.Bg5 Qc7 
9.Re1 Nbd7 10.Qd2 e5 11.d5 Nc5 12.Bd1 a6 13.b4 Ncd7 14.Rc1 c5 15.b5 Nb6 
16.Qd3 Nfd7 17.a4 f5 18.a5 fxe4 19.Nxe4 axb5 20.axb6 Nxb6 21.cxb5 Bf5 22.
Qd2 Qd7 23.Nh4 Bxe4 24.Rxe4 Qxb5 25.Be2 Qe8 26.Bg4 Kh8 27.Be6 c4 28.h3 Ra4
29.Rc3 Rb4 30.Bh6 Rb1+ 31.Kh2 Rf1 32.Bxg7+ Kxg7 33.Nf3 Qb5 34.Qg5 Nxd5 35.
Rcxc4 Qe8 36.Bxd5 Rxf3 37.Rc7+ Kh8 38.gxf3 Rd1 39.Qf6# 1-0

[Event "N4 Castres-Tournefeuille2"]
[Site "Tournefeuille"]
[Date "2006.05.02"]
[Round "5"]
[White "Ginouillac, Philippe"]
[Black "Treinsoutrot, Victor"]
[Result "0-1"]
[WhiteElo "1340"]
[BlackElo "1650"]
[EventDate "2006.??.??"]
[PlyCount "121"]

1.e4 e5 2.Nf3 Nc6 3.Be2 Nf6 4.d3 Bc5 5.Bg5 O-O 6.a3 h6 7.Bh4 d6 8.h3 Be6 
9.Nc3 Nd4 10.Nxd4 Bxd4 11.Qd2 c6 12.Rb1 Qe7 13.Bd1 Rac8 14.Ne2 Bb6 15.a4 
Rfd8 16.a5 Bc7 17.Ra1 d5 18.Ng3 g5 19.Bxg5 hxg5 20.Qxg5+ Kf8 21.h4 Nh7 22.
Qh6+ Kg8 23.Nh5 f5 24.Qg6+ Kh8 25.Qh6 fxe4 26.Be2 exd3 27.Bxd3 e4 28.Be2 
Rg8 29.g3 Qb4+ 30.Kf1 Qxb2 31.Kg2 Qe5 32.a6 b6 33.Raf1 e3 34.f4 Qe4+ 35.
Kg1 Qxc2 36.Nf6 Rxg3+ 37.Kh2 Qg6 38.Qxh7+ Qxh7 39.Nxh7 Rh3+ 40.Kg2 Rxh1 
41.Kxh1 Kxh7 42.f5 Bf7 43.Kg2 Rg8+ 44.Kh1 Kh6 45.Re1 Bg3 46.Rc1 c5 47.Bf3 
d4 48.Rb1 Bxh4 49.Rxb6+ axb6 50.a7 Bh5 51.a8=Q Rxa8 52.Bxa8 Kg5 53.Be4 Kf4
54.Bd3 Bg4 55.f6 Bxf6 56.Kg2 e2 57.Kf2 Bh4+ 58.Kg2 e1=Q 59.Bf1 Qf2+ 60.Kh1
Bf3+ 61.Bg2 0-1

[Event "N4 Castres-Tournefeuille2"]
[Site "Tournefeuille"]
[Date "2006.05.02"]
[Round "5"]
[White "De Barros, Frédéric"]
[Black "Carivenc, Thierry"]
[Result "1-0"]
[WhiteElo "2077"]
[BlackElo "1760"]
[EventDate "2006.??.??"]
[PlyCount "89"]

1.d4 Nf6 2.c4 g6 3.Nc3 Bg7 4.e4 d6 5.f4 e5 6.dxe5 dxe5 7.Qxd8+ Kxd8 8.fxe5
Ng4 9.Bg5+ Kd7 10.Nf3 c6 11.Rd1+ Kc7 12.Bf4 Kb6 13.h3 Bh6 14.Bxh6 Nxh6 15.
b4 Nd7 16.c5+ Kc7 17.Bc4 Re8 18.O-O Nxe5 19.Nxe5 Rxe5 20.Bxf7 Be6 21.Bxe6 
Rxe6 22.g4 g5 23.Rd6 Rae8 24.Rf6 Rxf6 25.Rxf6 Ng8 26.Rf7+ Re7 27.Rf8 Nh6 
28.Ra8 a6 29.Rh8 Kd7 30.Kf2 Ke6 31.Ke3 Kf6 32.Ne2 Kg7 33.Rb8 Ng8 34.Nd4 
Kf7 35.Nf5 Rd7 36.Nd6+ Kg7 37.Rxb7 Rxb7 38.Nxb7 Ne7 39.Nd6 Kg6 40.Nf5 Nc8 
41.e5 h5 42.a4 hxg4 43.hxg4 Na7 44.Nd6 Kg7 45.Ke4 1-0

[Event "N4 Castres-Tournefeuille2"]
[Site "Tournefeuille"]
[Date "2006.05.02"]
[Round "5"]
[White "Buiten, Herman"]
[Black "Klimchand, Didier"]
[Result "0-1"]
[WhiteElo "1690"]
[BlackElo "1965"]
[EventDate "2006.??.??"]
[PlyCount "68"]

1.b4 Nf6 2.Bb2 e6 3.a3 Be7 4.e3 O-O 5.Nf3 c5 6.b5 a6 7.a4 axb5 8.axb5 Rxa1
9.Bxa1 d5 10.c4 Nbd7 11.Be2 Nb6 12.d3 Qc7 13.Be5 Bd6 14.Bxd6 Qxd6 15.O-O 
Rd8 16.Qb3 e5 17.cxd5 Nfxd5 18.Nc3 Nb4 19.Na4 Be6 20.Qa3 Nd7 21.Nb2 f6 22.
Nc4 Qf8 23.Rd1 Nd5 24.Qa2 Ra8 25.Qb2 N7b6 26.Ra1 Na4 27.Qc1 Nac3 28.Bf1 
Rxa1 29.Qxa1 Nxb5 30.Ncxe5 fxe5 31.Qxe5 Qd6 32.Qh5 Nf6 33.Qh4 h6 34.Qa4 
Qa6 0-1

[Event "N4 CEIT2-Lardenne"]
[Site "CEIT"]
[Date "2006.05.02"]
[Round "5.8"]
[White "Strub, Bruno"]
[Black "Brauckmann, Hartwich"]
[Result "0-1"]
[WhiteElo "1499"]
[BlackElo "1750"]
[EventDate "2006.??.??"]
[PlyCount "105"]

1.e4 e5 2.Nf3 Nc6 3.Bb5 a6 4.Ba4 d6 5.c3 Bd7 6.O-O g6 7.d4 Bg7 8.Be3 Nf6 
9.Nbd2 b5 10.Bc2 Ng4 11.Bg5 Qc8 12.Nb3 f6 13.Bh4 O-O 14.dxe5 Ngxe5 15.Nbd4
Nxf3+ 16.Qxf3 Kh8 17.Nxc6 Bxc6 18.Rad1 f5 19.Qe3 fxe4 20.Bxe4 Re8 21.f3 d5
22.Qc5 dxe4 23.Qxc6 e3 24.Rfe1 Re6 25.Qd7 c5 26.Rd6 Qxd7 27.Rxd7 e2 28.Kf2
Rae8 29.Rd2 b4 30.Rdxe2 Rxe2+ 31.Rxe2 Rxe2+ 32.Kxe2 bxc3 33.bxc3 Bxc3 34.
Kd3 Bd4 35.Kc4 Kg7 36.Be7 Bg1 37.h3 Kf7 38.Bxc5 Bh2 39.a4 Ke6 40.Kb4 Kd5 
41.Be7 Bc7 42.g4 Kd4 43.Bf6+ Ke3 44.h4 Kxf3 45.g5 Kg4 46.Kc5 Kxh4 47.Kc6 
Bf4 48.Kb6 Bxg5 49.Bxg5+ Kxg5 50.Kxa6 h5 51.a5 h4 52.Kb6 h3 53.a6 0-1

[Event "N4 CEIT2-Lardenne"]
[Site "CEIT"]
[Date "2006.05.02"]
[Round "5.7"]
[White "Le Fournier, Bastien"]
[Black "Crespin, Philippe"]
[Result "1-0"]
[WhiteElo "1895"]
[BlackElo "1499"]
[EventDate "2006.??.??"]
[PlyCount "37"]

1.e4 e5 2.Nf3 Nc6 3.Bc4 Bc5 4.c3 d6 5.d4 exd4 6.cxd4 Bb6 7.O-O h6 8.Re1 
Nge7 9.Nc3 Bg4 10.Qb3 Rf8 11.e5 Bxf3 12.gxf3 Nxd4 13.Qd1 dxe5 14.Rxe5 Nc6 
15.Qa4 Qd6 16.Bf4 O-O-O 17.Re4 Qc5 18.Be3 Qb4 19.Be6+ 1-0

[Event "N4 CEIT2-Lardenne"]
[Site "CEIT"]
[Date "2006.05.02"]
[Round "5.6"]
[White "Charifi, Ali-Babak"]
[Black "Lassabe, Nicolas"]
[Result "0-1"]
[WhiteElo "1499"]
[BlackElo "1900"]
[EventDate "2006.??.??"]
[PlyCount "76"]

1.e4 c5 2.Nf3 d6 3.d4 cxd4 4.Nxd4 Nf6 5.Nc3 a6 6.f3 e6 7.Be3 b5 8.a3 Bb7 
9.b4 Nbd7 10.Bd3 Qc7 11.Ncxb5 axb5 12.Nxb5 Qc6 13.c4 Be7 14.Nd4 Qc7 15.Ke2
O-O 16.Nb5 Qc6 17.Qb3 d5 18.exd5 exd5 19.c5 Ne5 20.Nd4 Qe8 21.Bb5 Bc6 22.
Nxc6 Nxc6 23.Bxc6 Qxc6 24.Kf2 Rfb8 25.Qc3 Nd7 26.Bd4 Bf6 27.Bxf6 Nxf6 28.
Rhd1 h6 29.Ra2 Ra4 30.Rd4 Rb5 31.Qc2 Rxc5 32.bxc5 Rxd4 33.Rb2 Rc4 34.Rb8+ 
Ne8 35.Qe2 Qxc5+ 36.Kg3 Qc7+ 37.f4 Qxf4+ 38.Kh3 Qh4# 0-1

[Event "N4 CEIT2-Lardenne"]
[Site "CEIT"]
[Date "2006.05.02"]
[Round "5.5"]
[White "Fayette, Sylvain"]
[Black "Raynaud, Pascal"]
[Result "1-0"]
[WhiteElo "2027"]
[BlackElo "1700"]
[EventDate "2006.??.??"]
[PlyCount "41"]

1.e4 d6 2.d4 Nf6 3.Nc3 Nbd7 4.f4 c6 5.e5 dxe5 6.dxe5 Ng8 7.Be3 e6 8.Ne4 
Qa5+ 9.c3 f6 10.Bc4 Nb6 11.b4 Qa4 12.Bb3 Qb5 13.a4 Qa6 14.exf6 Nd5 15.fxg7
Bxg7 16.Qh5+ Kd8 17.Bxd5 Bxc3+ 18.Nxc3 Qd3 19.Qg5+ Ne7 20.Qe5 Ng6 21.Qd4 
1-0

[Event "N4 CEIT2-Lardenne"]
[Site "CEIT"]
[Date "2006.05.02"]
[Round "5.4"]
[White "Parpinel, Mario"]
[Black "Tesan, Michael"]
[Result "0-1"]
[WhiteElo "1800"]
[BlackElo "2070"]
[EventDate "2006.??.??"]
[PlyCount "78"]

1.e4 c5 2.Nc3 Nc6 3.d3 g6 4.g3 Bg7 5.Bg2 Nf6 6.h3 O-O 7.Be3 d6 8.Qd2 Nd4 
9.Nd1 Ne8 10.g4 Nc7 11.c3 Nc6 12.f4 d5 13.Bxc5 Ne6 14.Bf2 dxe4 15.Bxe4 Qd6
16.Be3 Nc5 17.Bxc5 Qxc5 18.d4 Qd6 19.Ne2 Rb8 20.Nf2 b5 21.a3 Na5 22.Bc2 
Bb7 23.Rg1 Nc4 24.Qc1 a5 25.b3 Nb6 26.Ne4 Bxe4 27.Bxe4 b4 28.axb4 axb4 29.
Qe3 bxc3 30.Qxc3 Rfc8 31.Qe3 Nd5 32.Bxd5 Qxd5 33.Rb1 Rc2 34.Rf1 Ra8 35.Rd1
Raa2 36.Rf2 Qh1+ 37.Rf1 Rxe2+ 38.Qxe2 Rxe2+ 39.Kxe2 Qe4+ 0-1

[Event "N4 CEIT2-Lardenne"]
[Site "CEIT"]
[Date "2006.05.02"]
[Round "5.3"]
[White "Dhorne, Sebastien"]
[Black "Reynes, Philippe"]
[Result "1-0"]
[WhiteElo "2100"]
[BlackElo "1810"]
[EventDate "2006.??.??"]
[PlyCount "71"]

1.d4 d5 2.Nf3 c6 3.c4 e6 4.e3 f5 5.Nbd2 Nf6 6.Bd3 Bd6 7.O-O O-O 8.Ne5 Ne4 
9.f3 Nxd2 10.Bxd2 Nd7 11.Bc3 Qc7 12.f4 Nf6 13.Rc1 Bd7 14.a3 a5 15.Be1 Ne4 
16.Bh4 Be8 17.g4 Bxe5 18.fxe5 Bg6 19.Rf4 Qd7 20.Be2 Rac8 21.Qa4 b5 22.Qxa5
bxc4 23.Qa4 Rb8 24.Rb1 Rb3 25.Bd1 Rxe3 26.b3 Nc3 27.Qb4 Nxb1 28.bxc4 Nxa3 
29.cxd5 cxd5 30.Ba4 Qc7 31.Qd6 Qc1+ 32.Rf1 Rf3 33.Rxc1 fxg4 34.Qxe6+ Kh8 
35.Qxg4 Bd3 36.Qxf3 1-0

[Event "N4 CEIT2-Lardenne"]
[Site "CEIT"]
[Date "2006.05.02"]
[Round "5.2"]
[White "Videau, Yannick"]
[Black "Rodriguez, Angel"]
[Result "0-1"]
[WhiteElo "1900"]
[BlackElo "2087"]
[EventDate "2006.??.??"]
[PlyCount "48"]

1.e4 c5 2.Nf3 e6 3.d4 cxd4 4.Nxd4 Nc6 5.Nc3 Qc7 6.Nxc6 bxc6 7.Bd3 Nf6 8.
O-O Rb8 9.f4 h5 10.e5 Ng4 11.Qe2 d5 12.exd6 Bxd6 13.Ne4 Be7 14.Bd2 f5 15.
Ng5 Bxg5 16.Bxf5 Be7 17.Bg6+ Kf8 18.Bc3 Bf6 19.Be5 Qb6+ 20.Kh1 Rb7 21.h3 
Qe3 22.Rae1 Qxe2 23.Rxe2 Nh6 24.Bxh5 Nf5 0-1

[Event "N4 CEIT2-Lardenne"]
[Site "CEIT"]
[Date "2006.05.02"]
[Round "5.1"]
[White "Grill, Marc"]
[Black "Muratet, Lucas"]
[Result "1-0"]
[WhiteElo "2146"]
[BlackElo "1830"]
[EventDate "2006.??.??"]
[PlyCount "29"]

1.e4 c5 2.Nf3 d6 3.d4 cxd4 4.Nxd4 Nf6 5.Nc3 a6 6.Bc4 e5 7.Nf5 b5 8.Bb3 b4 
9.Nd5 g6 10.Bg5 Nbd7 11.Ba4 Qa5 12.Nxf6+ Kd8 13.Nxd6 Bxd6 14.Qxd6 h6 15.
Nd5+ 1-0

[Event "N4 Blaye-Albi"]
[Site "Albi"]
[Date "2006.05.02"]
[Round "5"]
[White "Valat, Jean-Marie"]
[Black "Eb-Levadoux, Yvan"]
[Result "0-1"]
[WhiteElo "1710"]
[BlackElo "1920"]
[EventDate "2006.??.??"]
[PlyCount "52"]

1.d4 Nf6 2.c4 g6 3.Nc3 d5 4.cxd5 Nxd5 5.e4 Nxc3 6.bxc3 Bg7 7.Be3 O-O 8.Bc4
c5 9.Ne2 Qa5 10.O-O Nc6 11.Qb3 Qc7 12.Bd3 Rd8 13.Qb2 Qb6 14.Qxb6 axb6 15.
Bb5 cxd4 16.cxd4 Nxd4 17.Bxd4 Bxd4 18.Nxd4 Rxd4 19.f3 Be6 20.a3 Bc4 21.
Rfb1 Bxb5 22.Rxb5 Ra6 23.Rab1 Rxa3 24.Rxb6 Rd2 25.R6b2 Ra1 26.Rxb7 Raa2 
0-1

[Event "N4 Blaye-Albi"]
[Site "Albi"]
[Date "2006.05.02"]
[Round "5"]
[White "Serres, Olivier"]
[Black "Olle, Jean-Pierre"]
[Result "1/2-1/2"]
[WhiteElo "1950"]
[BlackElo "1750"]
[EventDate "2006.??.??"]
[PlyCount "162"]

1.d4 Nf6 2.c4 e6 3.Nc3 d5 4.Bf4 c6 5.e3 Bd6 6.Bg3 Qe7 7.Nf3 Nbd7 8.cxd5 
exd5 9.Bd3 Nf8 10.Bxd6 Qxd6 11.Ne5 Ng6 12.Bxg6 hxg6 13.Qb3 Qe7 14.Na4 Ng4 
15.Nxg4 Bxg4 16.Nc5 O-O 17.Qxb7 Qxb7 18.Nxb7 Rab8 19.Na5 Rxb2 20.O-O Rb6 
21.Rfc1 Bd7 22.Nb3 Rfb8 23.Rab1 Bf5 24.Ra1 Bd7 25.Rab1 Bf5 26.Ra1 Bd7 27.
h3 Kf8 28.f4 Ke7 29.g4 Be6 30.Rab1 Bd7 31.Kf2 Rh8 32.Kg3 Rhb8 33.Rc5 Ra6 
34.Rc2 Rab6 35.Rbc1 Rb5 36.Rc5 R8b6 37.Rxb5 Rxb5 38.Rc5 Rb6 39.Kf3 Kd6 40.
Ra5 Rb7 41.Nc5 Rc7 42.Ra3 Bc8 43.Rb3 Re7 44.Rc3 Be6 45.Rb3 Bc8 46.Kg3 Rc7 
47.Kh4 f6 48.g5 Re7 49.Kg3 Kc7 50.h4 Kd6 51.Kf3 Kc7 52.Rb2 f5 53.Rh2 Be6 
54.h5 gxh5 55.g6 Bd7 56.Rxh5 Be8 57.Rh8 Bd7 58.Rf8 Be8 59.Rxf5 Bxg6 60.Rg5
Be8 61.Rxg7 Bh5+ 62.Kf2 Rxg7 63.Ne6+ Kb6 64.Nxg7 Bg6 65.Ne6 Bb1 66.a3 Bf5 
67.Nc5 Kb5 68.Kg3 Kc4 69.Kh4 Kc3 70.Kg5 Bh7 71.f5 Bg8 72.f6 Bf7 73.Kf4 a5 
74.Nb7 a4 75.Nc5 Kb2 76.Nxa4+ Kxa3 77.Nc5 Kb4 78.Nd7 Be6 79.Ne5 c5 80.f7 
Bxf7 81.Nxf7 c4 1/2-1/2

[Event "N4 Blaye-Albi"]
[Site "Albi"]
[Date "2006.05.02"]
[Round "5"]
[White "Schegerin, Andre"]
[Black "Devals, Nicolas"]
[Result "1/2-1/2"]
[WhiteElo "1910"]
[BlackElo "1730"]
[EventDate "2006.??.??"]
[PlyCount "66"]

1.e4 d5 2.exd5 Qxd5 3.Nc3 Qa5 4.Nf3 Nf6 5.Be2 Bg4 6.O-O e6 7.h3 Bh5 8.Nd4 
Bxe2 9.Qxe2 c6 10.d3 Bc5 11.Nf3 Qc7 12.Ng5 O-O 13.Nce4 Nbd7 14.Nxc5 Nxc5 
15.Be3 Qd6 16.b4 Ncd7 17.Rab1 Nd5 18.Ne4 Qc7 19.Bd2 Rad8 20.f4 N7b6 21.c4 
Ne7 22.Ng3 Rd7 23.Bc3 Re8 24.Rb3 Ng6 25.Qe3 Red8 26.Ba1 Re7 27.Ne2 Nc8 28.
g4 f5 29.Kg2 b6 30.g5 e5 31.Qg3 Nxf4+ 32.Nxf4 exf4 33.Rxf4 Re2+ 1/2-1/2

[Event "N4 Blaye-Albi"]
[Site "Albi"]
[Date "2006.05.02"]
[Round "5"]
[White "Grard, Alain"]
[Black "Lefevre, Gerard"]
[Result "0-1"]
[WhiteElo "1680"]
[BlackElo "1890"]
[EventDate "2006.??.??"]
[PlyCount "60"]

1.e4 c5 2.c3 g6 3.d4 Bg7 4.Nf3 cxd4 5.Nxd4 Nc6 6.Be3 Nf6 7.f3 O-O 8.Bc4 e5
9.Nb5 Nxe4 10.O-O Ng5 11.Nd6 Ne6 12.Nd2 Ne7 13.N2e4 Qc7 14.Bb3 b6 15.Qd2 
Bb7 16.Bh6 f5 17.Bxg7 Kxg7 18.Ng3 Qc5+ 19.Kh1 Bd5 20.Ndxf5+ gxf5 21.Bxd5 
Qxd5 22.Qc2 Rad8 23.b3 Qc6 24.Rae1 d6 25.Qb2 Nf4 26.Qd2 Kg6 27.h4 Rg8 28.
Ne2 Nxe2 29.Qxe2 Kf7 30.Qe3 Ke6 0-1

[Event "N4 Blaye-Albi"]
[Site "Albi"]
[Date "2006.05.02"]
[Round "5"]
[White "Gipouloux, Laurent"]
[Black "Valade, Patrick"]
[Result "1-0"]
[WhiteElo "1810"]
[BlackElo "1620"]
[EventDate "2006.??.??"]
[PlyCount "73"]

1.e4 c5 2.Nf3 Nc6 3.d4 cxd4 4.Nxd4 d6 5.Nc3 a6 6.Be3 Nf6 7.f3 e6 8.Nxc6 
bxc6 9.Qd2 Qc7 10.Na4 c5 11.Bc4 Bd7 12.Nc3 Be7 13.O-O-O a5 14.Nb5 Bxb5 15.
Bxb5+ Nd7 16.Bxd7+ Qxd7 17.Bxc5 Qa4 18.Bxd6 Qxa2 19.Qc3 Qa4 20.b3 Qb5 21.
Bxe7 Kxe7 22.Qc7+ Kf6 23.Rd7 Rhf8 24.Qf4+ Kg6 25.h4 h6 26.h5+ Kh7 27.Rxf7 
Rxf7 28.Qxf7 Qg5+ 29.f4 Qxg2 30.Qg6+ Qxg6 31.hxg6+ Kxg6 32.Rg1+ Kf6 33.Kd2
Ra7 34.Ra1 h5 35.Ke3 g5 36.fxg5+ Kxg5 37.e5 1-0

[Event "N4 Blaye-Albi"]
[Site "Albi"]
[Date "2006.05.02"]
[Round "5"]
[White "Fabre, Philippe"]
[Black "Gayraud, Christian"]
[Result "1-0"]
[WhiteElo "1698"]
[BlackElo "1490"]
[EventDate "2006.??.??"]
[PlyCount "87"]

1.c4 e5 2.Nc3 Nf6 3.Nf3 Nc6 4.e4 Bc5 5.Nxe5 Nxe5 6.d4 Bb4 7.dxe5 Nxe4 8.
Qd4 Ng5 9.Qg4 Ne6 10.f4 h5 11.Qg3 g6 12.Bd3 Be7 13.O-O d6 14.f5 h4 15.Qf2 
gxf5 16.Bxf5 Bd7 17.Bg6 Bc6 18.Bxf7+ Kd7 19.Qf5 Kc8 20.Bxe6+ Kb8 21.Qd3 a6
22.Be3 Qe8 23.Bf7 Qc8 24.e6 b6 25.b4 Qf8 26.Bd4 Rg8 27.Bxg8 Qxg8 28.Rf2 
Qxe6 29.Re2 Qd7 30.Nd5 Bd8 31.Rae1 Qg4 32.Re4 Qg6 33.Qe2 Bd7 34.Nf4 Qg5 
35.Ne6 Bxe6 36.Rxe6 Kb7 37.Qf3+ Ka7 38.Re8 Rb8 39.h3 Qd2 40.Bc3 Qxa2 41.
Qc6 Qc2 42.Bd4 Qd2 43.Bf2 Qxb4 44.Rxd8 1-0

[Event "N4 Blaye-Albi"]
[Site "Albi"]
[Date "2006.05.02"]
[Round "5"]
[White "Courceulles, Alex"]
[Black "Daourbekov, said"]
[Result "0-1"]
[WhiteElo "1550"]
[BlackElo "1780"]
[EventDate "2006.??.??"]
[PlyCount "76"]

1.e4 e5 2.Nf3 Nc6 3.Bc4 Nf6 4.Nc3 h6 5.d4 Bb4 6.Qd3 d5 7.exd5 e4 8.Qe3 Na5
9.Nd2 Nxc4 10.Nxc4 O-O 11.O-O Bxc3 12.Qxc3 Qxd5 13.b3 Rd8 14.Bb2 b6 15.Qg3
c6 16.Rfe1 Re8 17.Rad1 Qg5 18.Qxg5 hxg5 19.Re3 b5 20.Nd6 Re6 21.Ba3 Nd5 
22.Rxe4 b4 23.Rxe6 Bxe6 24.Bb2 a5 25.Re1 a4 26.Bc1 g4 27.Ne4 axb3 28.axb3 
Ra2 29.Ng5 Rxc2 30.g3 Nc3 31.Bf4 Ne2+ 32.Kf1 Nxd4 33.Bd6 c5 34.Ra1 Bd5 35.
Be5 Ne6 36.Nxe6 Bxe6 37.Bd6 Bxb3 38.Re1 Be6 0-1

[Event "N4 Blaye-Albi"]
[Site "Albi"]
[Date "2006.05.02"]
[Round "5"]
[White "Arlabosse, Nicolas"]
[Black "Chauveau, Philippe"]
[Result "1-0"]
[WhiteElo "1857"]
[BlackElo "2043"]
[EventDate "2006.??.??"]
[PlyCount "87"]

1.e4 c5 2.Nf3 Nc6 3.d4 cxd4 4.Nxd4 g6 5.Nc3 Bg7 6.Be3 Nf6 7.f3 O-O 8.Qd2 
d5 9.exd5 Nxd5 10.Nxc6 bxc6 11.Nxd5 Qxd5 12.Qxd5 cxd5 13.O-O-O Rb8 14.b3 
Be6 15.Bd4 Bh6+ 16.Kb1 a5 17.a4 Bd7 18.Be5 Rb7 19.Rxd5 Bxa4 20.Rxa5 Bd7 
21.Bc4 Bd2 22.Ra6 Bb5 23.Bxb5 Rxb5 24.Rd1 Bb4 25.Bb2 Bd6 26.Ba3 Bxa3 27.
Rxa3 e5 28.Ra7 Kg7 29.Rdd7 Kf6 30.Kb2 Ke6 31.c4 Rb6 32.Re7+ Kf6 33.Reb7 
Rb8 34.Rxb8 Rxb8 35.Kc3 Ke6 36.b4 h5 37.c5 f5 38.Ra6+ Kf7 39.Kc4 e4 40.
fxe4 fxe4 41.Rb6 Rd8 42.Rd6 Re8 43.Rd2 e3 44.Re2 1-0

[Event "N4 Tournefeuille 2-CEIT 2"]
[Site "CEIT"]
[Date "2006.08.04"]
[Round "8.8"]
[White "Ratsiambahotra, Tahiry"]
[Black "Jacquart, Christian"]
[Result "1-0"]
[WhiteElo "1499"]
[BlackElo "1840"]
[EventDate "2006.??.??"]
[PlyCount "67"]

1.c4 Nf6 2.Nc3 d5 3.cxd5 Nxd5 4.Nf3 g6 5.g3 Bg7 6.Bg2 O-O 7.O-O c5 8.Qb3 
Nxc3 9.dxc3 Nc6 10.Be3 b6 11.Bf4 Bb7 12.Rad1 Qc8 13.Qc2 Rd8 14.e4 Rxd1 15.
Rxd1 Qe8 16.e5 Rd8 17.Re1 Qd7 18.e6 fxe6 19.Ng5 Nd4 20.cxd4 Bxg2 21.Kxg2 
cxd4 22.Nxe6 Rc8 23.Qb3 Kh8 24.Nxg7 Kxg7 25.Be5+ Kf8 26.Qf3+ Kg8 27.Rd1 
Rf8 28.Qb3+ e6 29.Rxd4 Qc6+ 30.f3 Rc8 31.Rd6 Qc2+ 32.Qxc2 Rxc2+ 33.Kh3 Kf7
34.Rd7+ 1-0